Focus sur: Fastred - Tolkien - Statistiques

Statistiques générales
  • Ce quiz a été pris 2 fois
  • Le résultat moyen est 5 sur 11
Statistiques - réponses
Informations recherchées Réponses % Correct
Contrée Comté
100%
Espèce Hobbit
100%
Première apparition Le Seigneur des Anneaux: Le Retour du Roi
100%
Age durant lequel il vécut Troisième/Quatrième
100%
Profession et titre Gardien de la Marche-de-l’Ouest
50%
Epouse Elanor Gamegie
0%
Fils Elfstan Bellenfant des Tours
0%
Surnom Fastred de l'{Verte}-{Île}
0%
Fille Fíriel Bellenfant des Tours
0%
Sous-les-Tours
0%
Villes Verte-Île
0%
Aucun quiz correspondant
Distribution des résultats
% des personnes avec chaque résultat
Percentile par nombre de réponses
Votre historique - résultats
Vous n’avez pas pris ce quiz